• 首页
  • 本馆介绍
  • 公告通知
  • 最新文献
  • 馆藏检索
  • 电子资源
  • 读者导购
  • 参考咨询
  • 我的图书馆
  • 登录
  • 详细信息显示
  • 放入我的书架
  • 预约/预借图书
  • 作者相关作品
  • 分类相关作品
  • 丛书相关作品
  • 出版社相关作品

书目信息

  • 表格格式
  • 工作单格式
  • 卡片格式
题名:
输送机械卷 上
    
 
作者: ;中国标准出版社第三编辑室 编
分册:  
出版信息: 北京   中国标准出版社  2007.10
页数: 446页
开本: 30cm
丛书名:
单 册:
中图分类: TH22
科图分类:
主题词: 运输机械
电子资源:
ISBN: 978-7-5066-4642-0
000 00695nam0 2200205 450
001 0852947070
005 20081208144723.01
010    @a978-7-5066-4642-0@dCNY148.00
100    @a20081208d2007 km y0chiy0120 ea
101 0  @achi
102    @aCN@b110000
200 1  @a输送机械卷 上@Ashu song ji xie juan shang@f中国标准出版社第三编辑室编@Fzhong guo biao zhun chu ban she di san bian ji shi bian
210    @a北京@c中国标准出版社@d2007.10
215    @a446页@d30cm
300    @a中国机械工业标准汇编
606 0  @a运输机械
690    @aTH22@v4
711 02 @a中国标准出版社第三编辑室@Azhong guo biao zhun chu ban she di san bian ji shi@4编
801  0 @aCN@bNISOFT@c20081208
905    @aBZT@dTH22@e1-1@f5
    
    输送机械卷 上/中国标准出版社第三编辑室编.-北京:中国标准出版社,2007.10
    446页;30cm
    中国机械工业标准汇编
    
    ISBN 978-7-5066-4642-0:CNY148.00
    
●
相关链接 在五车中查询图书 在当当中查询图书 在豆瓣中查询图书


正题名:输送机械卷 上     索取号:TH22/1-1         预约/预借

序号 登录号 条形码 馆藏地/架位号 状态 备注
1 0688332   2000688332   样本书库/样003架B面5层1列/ [索取号:TH22/1-1] 在馆    
2 0688333   2000688333   中心书库中库/ 中库030架A面8列3层23/ [索取号:TH22/1-1] 在馆    
3 0688334   2000688334   中心书库中库/ 中库030架A面8列3层25/ [索取号:TH22/1-1] 在馆    
4 0688335   2000688335   中心书库中库/ 中库030架A面8列3层26/ [索取号:TH22/1-1] 在馆    
5 0688336   2000688336   中心书库中库/ 中库030架A面8列3层24/ [索取号:TH22/1-1] 在馆    
山东省滨州职业学院图书馆 欢迎您!
大连网信软件有限公司© 版权所有